00357pab a2200121 454500008004000000100002200040245009000062260000900152300001200161362000800173650002000181773003400201180718b2000 xxu||||| |||| 00| 0 eng d aBabu, B.V. et al. aPerceptions and interactions of vulnerable groups with the government health services c2000 ap.54-65 aJan aHealth services aIndian Journal of Social Work